Biblioteca ESET

Por qué volvías cada verano (Registro nro. 854)

Detalles MARC
000 -CABECERA
fixed length control field 00745nam a22002297a 4500
003 - CONTROL NUMBER IDENTIFIER
control field AR-BeUNQ
005 - FECHA Y HORA DE LA ULTIMA TRANSACCION
control field 20240429181702.0
008 - ELEMENTOS DE LONGITUD FIJA-INFORMACION GENERAL
fixed length control field 230807b |||||||| |||| 00| 0 spa d
020 ## - NUMERO INTERNACIONAL NORMALIZADO PARA LIBROS
Número Internacional Normalizado del libro 9789873861161
040 ## - FUENTE DE CATALOGACION
Agencia de catalogación original AR-BeUNQ
Agencia que realiza la transcripción AR-BeUNQ
Convenciones de la descripción aacr
082 ## - NUMERO DE CLASIFICACION DECIMAL DEWEYMBER
Número de la edición 21
Número de clasificación 863 LOP
100 01 - ASIENTO PRINCIPAL-NOMBRE PERSONAL
Nombre personal López Peiró, Belén
Títulos u otras palabras asociadas al nombre aut.
Fecha asociada al nombre 1992
245 01 - MENCION DE TITULO
Título Por qué volvías cada verano
Mención de responsabilidad, etc Belén López Peiró
Medio físico libro
250 ## - MENCION DE EDICION
Mención de edición 1a.ed
Resto de la mención de edición 4a.reimpresion
260 ## - PUBLICACION, DISTRIBUCION, ETC.
Lugar de publicación, distribución, etc. Ciudad Autónoma de Buenos Aires :
Nombre del editor, distribuidor, etc. Madreselva,
Fecha de publicación, distribución, etc 2018.
300 ## - DESCRIPCION FISICA
Extensión 128 p. ;
Dimensiones 20 cm
500 ## - NOTA GENERAL
Nota general Literatura Feminista.
650 ## - ASIENTO SECUNDARIO DE MATERIA - TERMINO TEMATICO
Término temático o nombre geográfico como elemento de entrada Literatura
Fuente del encabezamiento o términ spines
651 ## - ASIENTO SECUNDARIO DE MATERIA - NOMBRE GEOGRAFICO
Nombre geográfico Argentina
Fuente del encabezamiento o término unescot
929 ## - DATOS DE ADQUISICION
Procedencia DONACION
Proveedor Ministerio de Educacion de la Nación
Precio 0
Fecha de recibido 2019
Patrimonio UNQ PAT0081448
Número de inventario 58014
942 ## - ELEMENTOS DE PUNTO DE ACCESO ADICIONAL (KOHA)
Tipo de ítem Koha Libros
Existencias
Estado de retiro Estado de pérdida Ubicación permanente Ubicación actual Ubicación en estantería Fecha de ingreso Numeración serial Signatura topográfica completa Date last seen Tipo de ítem Koha Operador
    Biblioteca ESET - UNQ Biblioteca ESET - UNQ CIRCULACION 19/10/2023 58014 863 LOP 19/10/2023 Libros Gladys Alarcon

ESET UNQ

☏ 4365-7188
 Avenida República de Francia 1714 entre Doctor Kenny y Concordia, Ezpeleta, Bs As.
✉ secretaria_eset@unq.edu.ar

Con tecnología Koha